T Rex Contemporaries - Statistics

General Stats
  • This quiz has been taken 17 times
  • The average score is 4 of 10
Answers on the Grid
Answers color-coded by a green-red scale on the quiz's grid according to % correct below.
Alamosaurus
Allosaurus
Anklyosaurus
Apatosaurus
Brachiosaurus
Denversaurus
Dimetrodon
Diplodocus
Edmontosaurus
Mastodon
Megalodon
Pachycephalosaurus
Quetzalcoatlus
Smilodon
Stegosaurus
Styracosaurus
Torosaurus
Triceratops
Utahraptor
Vintana sertichi
Volaticotherium
 
Answer Stats
Answer % Correct
Late cretaceous Triceratops
100%
Late cretaceous Anklyosaurus
67%
Late cretaceous Edmontosaurus
50%
Late cretaceous Torosaurus
50%
Late cretaceous Quetzalcoatlus
33%
Late cretaceous Alamosaurus
17%
Late cretaceous Denversaurus
17%
Late cretaceous Pachycephalosaurus
17%
Late cretaceous Styracosaurus
17%
Late cretaceous Vintana sertichi
0%
No matching quizzes found
Score Distribution
Percent of People with Each Score
Percentile by Number Answered
Your Score History
You have not taken this quiz